Codex alimentarius commission Report of the 9th session; Joint FAO and WHO food standards programme codex alimentarius commission

Zapisane w:
Opis bibliograficzny
1. autor: FAO
Format: Książka
Język:Undetermined
Wydane: Rome FAO 1991
Hasła przedmiotowe:
Etykiety: Dodaj etykietę
Nie ma etykietki, Dołącz pierwszą etykiete!
Thư viện lưu trữ: Trung tâm Học liệu Trường Đại học Cần Thơ
LEADER 00577nam a2200193Ia 4500
001 CTU_4275
008 210402s9999 xx 000 0 und d
082 |a 640 
082 |b C669/1991 
100 |a FAO 
245 0 |a Codex alimentarius commission 
245 0 |b Report of the 9th session; Joint FAO and WHO food standards programme codex alimentarius commission 
245 0 |c FAO, OMS 
260 |a Rome 
260 |b FAO 
260 |c 1991 
650 |a food supply 
904 |i Nguyễn Quang Điền, 960530 
980 |a Trung tâm Học liệu Trường Đại học Cần Thơ